| 000 | 01319cam a2200229 4500 | ||
|---|---|---|---|
| 001 | WB@3612-406 | ||
| 008 | 040909n2004 000 0 eng u | ||
| 035 | _a(Sirsi) u127299 | ||
| 245 | _aHousing and planning together | ||
| 260 | _c2004 | ||
| 490 |
_aODPM News Release _v(2004/0205) 8 September 2004 (3) |
||
| 520 | _aA 12 week consultation has been launched by the ODPM. "Housing and planning in the regions" can be viewed at: http://www.odpm.gov.uk/stellent/groups/odpm_housin g/documents/page/odpm_house_030962.hcsp and can be commented on until 30 November 2004. The government proposes to strengthen links between housing and planning strategies at regional level. It plans to do this by merging regional housing boards with regional planning bodies, to bolster its commitment to create thriving and sustainable communities in all regions. The consultation also seeks views on proposals for a new independent unit, which would provide the regions with advice to inform local decisions on housing needs. http://www.odpm.gov.uk/pns/DisplayPN.cgi?pn_id=200 4_0205 | ||
| 590 | _aWB | ||
| 590 | _aWB | ||
| 650 |
_aAffordable housing _96215 |
||
| 650 | _aBARKER REVIEW | ||
| 650 | _aHOUSING SUPPLY | ||
| 650 | _aPLANNING POLICY | ||
| 650 | _aEMPTY HOMES | ||
| 690 | _aHOUSING-DEVELOPMENT | ||
| 942 | _n0 | ||
| 999 |
_c117978 _d117978 |
||